000 01011nam a22003257a 4500
003 CHAP
005 20220329141818.0
008 971013s1969 r 00010 d
010 _a74237
011 _a75209
035 _a84769
040 _cCHAP
082 _a519.72
_bG3 1969
100 0 0 _aGass, Saul I.
_947236
245 _aLinear programming; methods and applications
250 _a3 ed.
260 _aNew York :
_bMcGraw-Hill,
_c1969
300 _a538 p.
490 _aMcGraw-Hill. International student edition
504 _aBibliografía, p. 339-352
590 _aBATCH-UPD
_b10
_c20130110
_lUCH01
_h0439
590 _aBATCH-UPD
_b10
_c20130410
_lUCH01
_h0115
590 _aBATCH-UPD
_b10
_c20130914
_lUCH01
_h1533
590 _aCONVERSION
_b10
_c20130109
_lUCH01
_h1341
650 1 4 _aProgramación lineal.
_992371
830 0 _aMcGraw-Hill. International student edition
_973571
901 _aBK
942 _cLIBRO
949 _a519.72 G3 1969
_bBC
_cLIBRO
_d33724000383709
_eLIBRO
_h34371
_i84769
_si
999 _c74237
_d74237